Oiseaux et leur nom scientifique - Statistiques

Statistiques générales
  • Ce quiz a été pris 39 fois
  • Le résultat moyen est 10 sur 19
Statistiques - réponses
Hint Réponse % Correct
Amazone à front blanc Amazona albifrons
78%
Calopsytte Nymphicus hollandicus
72%
Serin du Mozambique Serinus mozambicus
72%
Inséparable masqué Agapornis personatus
67%
Diamant ruficauda Peophila ruficauda
67%
Canari Serinus canaria
67%
Inséparable Fischer Agapornis fischeri
61%
Inséparable à face rose Agapornis roseicollis
61%
Mainate Religieux Gracula religiosa
61%
Diamant Mandarin Peophila - Taeniopygia guttata
61%
Diamant de Gould Chloebia gouldiae
50%
Caille de Chine Coturnix chinensis
50%
Perruche ondulée Melopsittacus undulatus
44%
Diamant à bavette Peophila cincta
44%
Perruche à collier Psittacula krameri
39%
Diamant de Kittlitz Erythrura trichroa
17%
Colombe Diamant Geopelia cuneata
17%
Omnicolor Platycercus eximius
17%
Tourterelle Rieuse Streptopelia roseogrisea
11%
Aucun quiz correspondant
Distribution des résultats
% des personnes avec chaque résultat
Percentile par nombre de réponses
Votre historique - résultats
Vous n’avez pas pris ce quiz